| 000 | 00775cam a22002535a 4500 | ||
|---|---|---|---|
| 001 | 17340494 | ||
| 005 | 20151019115141.0 | ||
| 008 | 120608t2013 nyua frb 001 0 eng d | ||
| 020 | _a9781461441595 (hard cover : alk. paper) | ||
| 040 |
_aDLC _cDLC _beng _dEG-ScBUE |
||
| 082 | 0 | 4 |
_222 _a620.3 _bJAZ |
| 100 | 1 |
_aJazar, Reza N. _93940 |
|
| 245 | 1 | 0 |
_aAdvanced vibrations : _ba modern approach / _cReza N. Jazar. |
| 260 |
_aNew York : _bSpringer, _cc.2013. |
||
| 300 |
_axv, 693 p. : _bill. ; _c24 cm. |
||
| 500 | _aIndex : p. 685-693. | ||
| 504 | _aBibliography : p. 683-684. | ||
| 590 | _aSAMEH | ||
| 650 | 7 |
_2BUEsh _938021 _aVibration. |
|
| 650 | 7 |
_aVibration _vMathematical models _2BUEsh |
|
| 651 | _2BUEsh | ||
| 653 |
_bENGGEN _cJune2015 _cOctober2015 |
||
| 942 | _2ddc | ||
| 999 |
_c19980 _d19952 |
||